[Event "HUN-chT2 Barcza 1819"]
[Site "Hungary"]
[Date "2019.02.24"]
[Round "8.11"]
[White "Juhasz, Tamas"]
[Black "Venter, Mate"]
[Result "0-1"]
[WhiteElo "1400"]
[BlackElo "1692"]
[PlyCount "42"]
[EventDate "2018.09.23"]
[EventType "team-tourn"]
[EventRounds "11"]
[EventCountry "HUN"]
[SourceTitle "CBM 189 Extra"]
[Source "ChessBase"]
[SourceDate "2019.06.03"]
[SourceVersion "1"]
[SourceVersionDate "2019.06.03"]
[SourceQuality "1"]
[WhiteTeam "Debrecen Sakkbaratok"]
[BlackTeam "Hajduboszormeny"]
[WhiteTeamCountry "HUN"]
[BlackTeamCountry "HUN"]

1. e4 Nf6 2. e5 Nd5 3. d4 d6 4. Nf3 Nc6 5. c4 Nb6 6. e6 fxe6 7. Ng5 g6 8. Qf3 Qd7 9. Qf7+ Kd8 10. d5 exd5 11. cxd5 Nd4 12. Be3 Qg4 13. h3 Nc2+ 14. Kd2 Qb4+ 15. Kxc2 Bf5+ 16. Bd3 Qc4+ 17. Kd1 Qxd3+ 18. Ke1 Nxd5 19. Ne6+ Kd7 20. Nf4 Nxf4 21. Bxf4 Be6 0-1